| 000 | 00378nam a22001457a 4500 | ||
|---|---|---|---|
| 082 | _aP-488 | ||
| 100 |
_aSyed Wassi Sabir _948260 |
||
| 245 |
_aUse of waste material in construction industry (Marble Slurry) _cSheeraz Hussain |
||
| 260 |
_aMCE _bMCE _c2012. |
||
| 300 | _a54 P. : | ||
| 526 |
_a0 _b0 _c0 _dP_488 |
||
| 650 | _aProject | ||
| 700 | _aArshad Ali | ||
| 942 |
_2ddc _cBK |
||
| 999 |
_c551311 _d551311 |
||